| 000 | 01724cam a22004454i 4500 | ||
|---|---|---|---|
| 003 | PE-LiUPU | ||
| 005 | 20250731172907.0 | ||
| 008 | 170126t2016 miu rb 001 0 eng d | ||
| 020 | _a0802874185 | ||
| 020 | _a9780802874184 | ||
| 035 | _a(Sirsi) a166591 | ||
| 040 |
_aPE-LiUPU _bspa _cPE-LiUPU _erda |
||
| 049 | _aPRUA | ||
| 082 | 0 | 4 |
_a283.092 _bW56 _223 |
| 245 | 0 | 0 |
_aEmblem of faith untouched : _ba short life of Thomas Cranmer / _cLeslie Williams. |
| 264 |
_aGrand Rapids : _bWilliam B. Eerdmans Publishing Company, _c2016 |
||
| 300 |
_a200 páginas ; _c24 centimetros. |
||
| 336 |
_atext _2rdacontent |
||
| 337 |
_aunmediated _2rdamedia |
||
| 338 |
_avolume _2rdacarrier |
||
| 505 | 0 | 4 | _aBeginnings -- Cambridge -- Henry VIII -- Rome -- Reformation -- Archbishop -- Royal supremacy -- Wives -- Doctrine -- Tradition -- Danger -- Conspiracy -- Ordinary time -- Henry's end -- Edward -- Consolidating Reformation -- Mary -- Persecution -- Degradations -- Death -- Appendix A. Key issues in the Reformation -- Appendix B. Reformation eucharistic theology. |
| 526 | _aSEG42 | ||
| 526 | _aSEG41 | ||
| 526 | _aSEG40 | ||
| 526 | _aSEG39 | ||
| 526 | _aP94 | ||
| 526 | _aP87 | ||
| 526 | _aP86 | ||
| 526 | _aP85 | ||
| 526 | _aP77 | ||
| 526 | _aP76 | ||
| 526 | _aP35 | ||
| 650 | 0 | 4 |
_aEstadista _zGran Bretaña _xBiografía |
| 700 | 1 |
_aWillams, Leslie, _eeditor. |
|
| 942 |
_2ddc _cBOOK |
||
| 994 |
_aC0 _bPEPRU |
||
| 596 | _a1 | ||
| 999 |
_a283.092 W56 _wLC _c15332 _i75293 _f2021-11-11 _g5 _lCCODEBUL1 _mBUL _p16.17 _r0 _sY _tBOOK _u2017-1-26 _xTEOLOGIA _PP85 _0COMPRA _o.STAFF. Colección Teología _d15332 |
||
| 980 |
_81 _gALBERTO SANCHEZ Responsable de Automatización |
||